[Event "Irena Warakomska Memorial A"]
[Site "Suwalki"]
[Date "2020.08.11"]
[Round "7"]
[White "Rudzinska, Michalina"]
[Black "Praczukowski, Stanislaw"]
[Result "1/2-1/2"]
[Board "5"]
[WhiteElo "2162"]
[WhiteTitle "WFM"]
[WhiteCountry "POL"]
[WhiteFideId "1172883"]
[WhiteEloChange "-2"]
[BlackElo "2109"]
[BlackCountry "POL"]
[BlackFideId "1182730"]
[BlackEloChange "2"]

1. e4 {[%clk 1:30:58]} c5 {[%clk 1:30:29]} 2. Nf3 {[%clk 1:31:21]} e6 {[%clk
1:30:45]} 3. d4 {[%clk 1:31:44]} cxd4 {[%clk 1:31:10]} 4. Nxd4 {[%clk 1:32:09]}
Nc6 {[%clk 1:31:34]} 5. Nxc6 {[%clk 1:32:30]} bxc6 {[%clk 1:31:58]} 6. Bd3 {[%clk
1:32:49]} Nf6 {[%clk 1:32:00]} 7. O-O {[%clk 1:33:03]} d5 {[%clk 1:32:19]} 8. Qe2
{[%clk 1:33:21]} Be7 {[%clk 1:32:10]} 9. Nd2 {[%clk 1:33:25]} O-O {[%clk
1:31:58]} 10. Re1 {[%clk 1:32:30]} a5 {[%clk 1:26:56]} 11. e5 {[%clk 1:32:08]}
Nd7 {[%clk 1:24:19]} 12. c3 {[%clk 1:32:19]} Nc5 {[%clk 1:19:07]} 13. Bc2 {[%clk
1:32:00]} Ba6 {[%clk 1:17:11]} 14. Qg4 {[%clk 1:29:40]} Bd3 {[%clk 1:07:44]} 15.
Bxd3 {[%clk 1:29:17]} Nxd3 {[%clk 1:08:08]} 16. Re3 {[%clk 1:29:32]} Nxc1 {[%clk
1:05:48]} 17. Rxc1 {[%clk 1:29:55]} g6 {[%clk 1:01:59]} 18. Rh3 {[%clk 1:23:56]}
Bg5 {[%clk 0:38:57]} 19. Rd1 {[%clk 1:17:13]} Bxd2 {[%clk 0:38:45]} 20. Rxd2
{[%clk 1:17:38]} Qe7 {[%clk 0:34:12]} 21. Re2 {[%clk 1:10:14]} Rab8 {[%clk
0:31:46]} 22. Qf4 {[%clk 0:57:00]} Rb7 {[%clk 0:28:25]} 23. b3 {[%clk 0:51:11]}
c5 {[%clk 0:24:48]} 24. Qh6 {[%clk 0:42:31]} f5 {[%clk 0:24:52]} 25. exf6 {[%clk
0:42:53]} Rxf6 {[%clk 0:23:51]} 26. Rhe3 {[%clk 0:40:37]} d4 {[%clk 0:19:45]} 27.
cxd4 {[%clk 0:35:50]} cxd4 {[%clk 0:20:09]} 28. Rd3 {[%clk 0:36:13]} Qc5 {[%clk
0:17:14]} 29. h4 {[%clk 0:32:10]} e5 {[%clk 0:13:37]} 30. h5 {[%clk 0:28:02]}
Rbf7 {[%clk 0:10:53]} 31. Rg3 {[%clk 0:24:49]} Rg7 {[%clk 0:06:35]} 32. Qd2
{[%clk 0:15:50]} Rc6 {[%clk 0:04:43]} 33. Rg5 {[%clk 0:11:26]} Qc1+ {[%clk
0:04:25]} 34. Qxc1 {[%clk 0:09:52]} Rxc1+ {[%clk 0:04:54]} 35. Kh2 {[%clk
0:10:15]} d3 {[%clk 0:02:32]} 36. Rd2 {[%clk 0:10:32]} gxh5 {[%clk 0:01:41]} 37.
Rxe5 {[%clk 0:10:28]} Rd7 {[%clk 0:01:19]} 38. Rxa5 {[%clk 0:09:15]} Rc2 {[%clk
0:01:35]} 39. Rxc2 {[%clk 0:09:21]} dxc2 {[%clk 0:02:03]} 40. Rc5 {[%clk
0:39:43]} Rd2 {[%clk 0:32:15]} 41. Kg3 {[%clk 0:33:16]} h4+ {[%clk 0:26:47]} 42.
Kf3 {[%clk 0:31:44]} Kf7 {[%clk 0:26:38]} 43. Ke3 {[%clk 0:23:35]} c1=Q {[%clk
0:26:55]} 44. Rxc1 {[%clk 0:24:01]} Rxa2 {[%clk 0:27:20]} 45. Rb1 {[%clk
0:22:43]} Ke6 {[%clk 0:27:33]} 46. b4 {[%clk 0:20:59]} Kd6 {[%clk 0:27:49]} 47.
b5 {[%clk 0:21:25]} Kc7 {[%clk 0:28:14]} 48. b6+ {[%clk 0:21:50]} Kb7 {[%clk
0:28:40]} 49. Rb4 {[%clk 0:16:16]} h3 {[%clk 0:20:49]} 50. gxh3 {[%clk 0:15:39]}
Ra3+ {[%clk 0:21:13]} 51. Kf4 {[%clk 0:12:50]} Rxh3 {[%clk 0:21:29]} 52. Kg4
{[%clk 0:12:17]} Rh6 {[%clk 0:12:54]} 53. f4 {[%clk 0:07:20]} Rxb6 {[%clk
0:13:19]} 54. Re4 {[%clk 0:00:40]} Kc7 {[%clk 0:08:27]} 55. Re7+ {[%clk 0:00:35]}
Kd8 {[%clk 0:08:49]} 56. Rxh7 {[%clk 0:00:56]} Ke8 {[%clk 0:09:12]} 1/2-1/2

[Event "Irena Warakomska Memorial A"]
[Site "Suwalki"]
[Date "2020.08.11"]
[Round "7"]
[White "Rasti, Arvin"]
[Black "Budzisz, Adrian"]
[Result "1/2-1/2"]
[Board "8"]
[WhiteElo "2269"]
[WhiteCountry "SWE"]
[WhiteFideId "1741160"]
[WhiteEloChange "-8"]
[BlackElo "1901"]
[BlackCountry "POL"]
[BlackFideId "21860238"]
[BlackEloChange "8"]

1. d4 {[%clk 1:30:55]} Nf6 {[%clk 1:30:56]} 2. c4 {[%clk 1:31:14]} e6 {[%clk
1:31:24]} 3. Nf3 {[%clk 1:31:35]} b6 {[%clk 1:31:47]} 4. a3 {[%clk 1:31:50]} Bb7
{[%clk 1:31:49]} 5. Nc3 {[%clk 1:32:09]} d5 {[%clk 1:30:10]} 6. cxd5 {[%clk
1:32:27]} exd5 {[%clk 1:30:32]} 7. Qa4+ {[%clk 1:30:15]} Qd7 {[%clk 1:28:34]} 8.
Qxd7+ {[%clk 1:28:49]} Nfxd7 {[%clk 1:26:10]} 9. Bf4 {[%clk 1:28:31]} c6 {[%clk
1:26:22]} 10. e3 {[%clk 1:28:11]} Be7 {[%clk 1:26:35]} 11. Bd3 {[%clk 1:27:46]}
O-O {[%clk 1:26:33]} 12. O-O {[%clk 1:27:30]} Nf6 {[%clk 1:25:59]} 13. Rac1
{[%clk 1:26:39]} Nbd7 {[%clk 1:26:19]} 14. h3 {[%clk 1:25:29]} Rfe8 {[%clk
1:25:57]} 15. Rfd1 {[%clk 1:25:08]} Bf8 {[%clk 1:26:02]} 16. Ne5 {[%clk 1:23:56]}
Nxe5 {[%clk 1:25:58]} 17. Bxe5 {[%clk 1:24:19]} Nd7 {[%clk 1:26:21]} 18. Bg3
{[%clk 1:24:30]} Nf6 {[%clk 1:25:59]} 19. Bh4 {[%clk 1:22:23]} Ne4 {[%clk
1:18:07]} 20. Nxe4 {[%clk 1:22:11]} dxe4 {[%clk 1:17:45]} 21. Bc4 {[%clk
1:22:19]} Rac8 {[%clk 1:17:59]} 22. Bb3 {[%clk 1:21:30]} Bd6 {[%clk 1:17:39]} 23.
Rc2 {[%clk 1:20:36]} Kf8 {[%clk 1:15:31]} 24. Bg3 {[%clk 1:19:48]} Red8 {[%clk
1:11:53]} 25. Rdc1 {[%clk 1:19:46]} Ke7 {[%clk 1:05:15]} 26. Ba4 {[%clk 1:18:25]}
c5 {[%clk 0:57:45]} 27. Bxd6+ {[%clk 1:17:51]} Kxd6 {[%clk 0:57:12]} 28. dxc5+
{[%clk 1:18:08]} Rxc5 {[%clk 0:56:41]} 29. Rxc5 {[%clk 1:17:25]} bxc5 {[%clk
0:57:05]} 30. Rd1+ {[%clk 1:16:31]} Kc7 {[%clk 0:57:08]} 31. Rxd8 {[%clk
1:16:51]} Kxd8 {[%clk 0:57:33]} 32. Kf1 {[%clk 1:17:02]} Bd5 {[%clk 0:53:48]} 33.
Ke1 {[%clk 1:17:03]} Kc7 {[%clk 0:53:46]} 34. Kd2 {[%clk 1:16:42]} Kd6 {[%clk
0:47:23]} 35. Kc3 {[%clk 1:16:38]} f5 {[%clk 0:44:47]} 36. b4 {[%clk 1:14:43]} g5
{[%clk 0:43:53]} 37. Bb3 {[%clk 1:13:55]} cxb4+ {[%clk 0:37:47]} 38. axb4 {[%clk
1:13:59]} Bc6 {[%clk 0:37:23]} 39. Kd4 {[%clk 1:13:53]} h5 {[%clk 0:36:34]} 40.
g3 {[%clk 1:44:02]} h4 {[%clk 1:06:46]} 41. gxh4 {[%clk 1:43:42]} gxh4 {[%clk
1:06:45]} 42. Bc4 {[%clk 1:43:44]} Bd7 {[%clk 1:06:49]} 43. Ba6 {[%clk 1:43:04]}
Be6 {[%clk 1:06:25]} 44. Bf1 {[%clk 1:41:38]} Bd7 {[%clk 1:05:07]} 45. Kc4 {[%clk
1:40:43]} Ba4 {[%clk 1:00:14]} 46. b5 {[%clk 1:40:18]} Bd1 {[%clk 0:59:30]} 47.
Kb4 {[%clk 1:40:40]} Bc2 {[%clk 0:58:22]} 48. Bc4 {[%clk 1:35:53]} Ke5 {[%clk
0:48:01]} 49. Ka5 {[%clk 1:32:18]} Bd3 {[%clk 0:45:37]} 50. Bf7 {[%clk 1:32:31]}
f4 {[%clk 0:43:24]} 51. Be8 {[%clk 1:30:30]} fxe3 {[%clk 0:43:26]} 52. fxe3
{[%clk 1:30:59]} Kd6 {[%clk 0:43:51]} 53. Ka6 {[%clk 1:30:08]} Kc5 {[%clk
0:43:34]} 54. Bc6 {[%clk 1:30:04]} Bf1 {[%clk 0:42:45]} 55. Kxa7 {[%clk 1:29:55]}
Bxb5 {[%clk 0:42:18]} 56. Bxe4 {[%clk 1:30:18]} Bd7 {[%clk 0:42:29]} 57. Bg2
{[%clk 1:30:41]} Bc6 {[%clk 0:42:05]} 58. Bf1 {[%clk 1:31:04]} Bf3 {[%clk
0:41:01]} 59. Bd3 {[%clk 1:27:37]} Kd5 {[%clk 0:40:34]} 60. Kb6 {[%clk 1:26:19]}
Ke5 {[%clk 0:40:50]} 61. Bb5 {[%clk 1:25:33]} Ke4 {[%clk 0:40:37]} 62. Kc5 {[%clk
1:25:14]} Kxe3 {[%clk 0:40:39]} 63. Bd7 {[%clk 1:25:31]} Bg2 {[%clk 0:41:00]} 64.
Bc8 {[%clk 1:25:44]} Be4 {[%clk 0:38:44]} 65. Bd7 {[%clk 1:25:54]} 1/2-1/2

[Event "Irena Warakomska Memorial A"]
[Site "Suwalki"]
[Date "2020.08.11"]
[Round "7"]
[White "Jakhari, Ansh"]
[Black "Strzelecki, Jerzy"]
[Result "1-0"]
[Board "14"]
[WhiteElo "1936"]
[WhiteCountry "NED"]
[WhiteFideId "1066005"]
[WhiteEloChange "11"]
[BlackElo "1977"]
[BlackCountry "POL"]
[BlackFideId "1120506"]
[BlackEloChange "-11"]

1. e4 {[%clk 1:30:55]} c5 {[%clk 1:30:45]} 2. Nf3 {[%clk 1:31:16]} d6 {[%clk
1:31:05]} 3. d4 {[%clk 1:31:30]} cxd4 {[%clk 1:31:23]} 4. Nxd4 {[%clk 1:31:51]}
Nf6 {[%clk 1:31:42]} 5. Nc3 {[%clk 1:32:15]} Bd7 {[%clk 1:30:32]} 6. Be2 {[%clk
1:30:05]} e5 {[%clk 1:30:45]} 7. Nb3 {[%clk 1:30:19]} Bc6 {[%clk 1:30:35]} 8. f3
{[%clk 1:30:08]} Nbd7 {[%clk 1:30:11]} 9. Be3 {[%clk 1:30:13]} a6 {[%clk
1:30:23]} 10. Qd2 {[%clk 1:29:53]} b5 {[%clk 1:30:03]} 11. O-O-O {[%clk 1:26:36]}
Qc7 {[%clk 1:29:28]} 12. Kb1 {[%clk 1:25:22]} Rc8 {[%clk 1:29:15]} 13. g4 {[%clk
1:23:35]} h6 {[%clk 1:29:08]} 14. h4 {[%clk 1:23:34]} Nb6 {[%clk 1:27:02]} 15.
Bxb6 {[%clk 1:22:34]} Qxb6 {[%clk 1:27:09]} 16. Nd5 {[%clk 1:22:52]} Bxd5 {[%clk
1:24:39]} 17. exd5 {[%clk 1:23:17]} Be7 {[%clk 1:21:23]} 18. Bd3 {[%clk 1:14:24]}
Rc7 {[%clk 1:10:12]} 19. Be2 {[%clk 1:11:42]} Nd7 {[%clk 1:05:33]} 20. Na5 {[%clk
1:09:58]} Nb8 {[%clk 1:03:55]} 21. g5 {[%clk 1:08:15]} b4 {[%clk 1:02:48]} 22.
Nc4 {[%clk 1:07:49]} Qc5 {[%clk 1:01:42]} 23. f4 {[%clk 1:03:17]} e4 {[%clk
0:59:06]} 24. f5 {[%clk 0:58:45]} Nd7 {[%clk 0:58:08]} 25. Qf4 {[%clk 0:49:58]}
Nb6 {[%clk 0:52:11]} 26. Ne3 {[%clk 0:32:09]} Na4 {[%clk 0:48:40]} 27. Qxe4
{[%clk 0:27:32]} O-O {[%clk 0:45:32]} 28. f6 {[%clk 0:22:51]} Rb8 {[%clk
0:45:01]} 29. fxe7 {[%clk 0:19:23]} Rxe7 {[%clk 0:43:34]} 30. Qxe7 {[%clk
0:19:31]} Nc3+ {[%clk 0:42:28]} 31. bxc3 {[%clk 0:17:34]} bxc3+ {[%clk 0:42:12]}
32. Ka1 {[%clk 0:17:58]} Qa3 {[%clk 0:42:16]} 33. Nc4 {[%clk 0:17:36]} 1-0

[Event "Irena Warakomska Memorial A"]
[Site "Suwalki"]
[Date "2020.08.11"]
[Round "7"]
[White "Chojnowski, Marcin"]
[Black "Flis, Pawel"]
[Result "1/2-1/2"]
[Board "15"]
[WhiteElo "2035"]
[WhiteCountry "POL"]
[WhiteFideId "1121456"]
[WhiteEloChange "-4"]
[BlackElo "1873"]
[BlackCountry "POL"]
[BlackFideId "1112864"]
[BlackEloChange "4"]

1. e4 {[%clk 1:30:17]} g6 {[%clk 1:30:50]} 2. d4 {[%clk 1:30:32]} d6 {[%clk
1:31:17]} 3. Nc3 {[%clk 1:30:41]} c6 {[%clk 1:31:42]} 4. h3 {[%clk 1:30:48]} Bg7
{[%clk 1:31:29]} 5. Nf3 {[%clk 1:31:05]} Nf6 {[%clk 1:31:37]} 6. Be3 {[%clk
1:31:09]} b5 {[%clk 1:30:56]} 7. e5 {[%clk 1:27:14]} Nfd7 {[%clk 1:24:10]} 8.
exd6 {[%clk 1:24:53]} exd6 {[%clk 1:19:50]} 9. Ne4 {[%clk 1:22:58]} Qe7 {[%clk
1:17:37]} 10. Nc3 {[%clk 1:15:13]} b4 {[%clk 1:11:52]} 11. Ne2 {[%clk 1:14:43]}
O-O {[%clk 1:10:32]} 12. Qd2 {[%clk 1:13:15]} Nb6 {[%clk 1:04:30]} 13. Nf4 {[%clk
1:11:24]} Bf5 {[%clk 1:01:17]} 14. Bd3 {[%clk 1:09:34]} Bxd3 {[%clk 0:59:13]} 15.
Qxd3 {[%clk 1:00:03]} N8d7 {[%clk 0:58:35]} 16. O-O {[%clk 1:00:04]} Nf6 {[%clk
0:58:32]} 17. Rfe1 {[%clk 1:00:18]} Qd7 {[%clk 0:55:38]} 18. Ne2 {[%clk 0:55:26]}
Nfd5 {[%clk 0:54:04]} 19. Bd2 {[%clk 0:51:56]} Rfe8 {[%clk 0:52:15]} 20. c4
{[%clk 0:50:10]} bxc3 {[%clk 0:52:28]} 21. bxc3 {[%clk 0:50:24]} Nc7 {[%clk
0:38:31]} 22. Rad1 {[%clk 0:43:29]} Qe6 {[%clk 0:37:58]} 23. Bf4 {[%clk 0:37:47]}
Bf8 {[%clk 0:36:06]} 24. Qc2 {[%clk 0:34:48]} Qc4 {[%clk 0:33:22]} 25. Be3 {[%clk
0:28:38]} Ncd5 {[%clk 0:31:19]} 26. Nd2 {[%clk 0:26:59]} Qa4 {[%clk 0:29:02]} 27.
Qd3 {[%clk 0:24:07]} Nxe3 {[%clk 0:25:46]} 28. fxe3 {[%clk 0:24:33]} Qxa2 {[%clk
0:25:49]} 29. c4 {[%clk 0:24:21]} Qa6 {[%clk 0:25:55]} 30. Ra1 {[%clk 0:20:27]}
Qc8 {[%clk 0:23:27]} 31. e4 {[%clk 0:20:25]} Bh6 {[%clk 0:20:39]} 32. c5 {[%clk
0:14:02]} dxc5 {[%clk 0:16:32]} 33. dxc5 {[%clk 0:14:02]} Rd8 {[%clk 0:13:22]}
34. Nd4 {[%clk 0:14:22]} Nd7 {[%clk 0:08:12]} 35. N2b3 {[%clk 0:14:36]} Bg7
{[%clk 0:07:45]} 36. Qc2 {[%clk 0:13:43]} Nf8 {[%clk 0:04:31]} 37. Rad1 {[%clk
0:13:41]} a5 {[%clk 0:04:24]} 38. Nf3 {[%clk 0:13:30]} a4 {[%clk 0:04:13]} 39.
Nbd2 {[%clk 0:12:10]} Ne6 40. e5 {[%clk 0:11:06]} Nd4 41. Nxd4 {[%clk 0:10:34]}
Rxd4 42. Nc4 {[%clk 0:10:53]} Rxd1 43. Rxd1 {[%clk 0:10:52]} Qc7 {[%clk 0:24:59]}
44. Nb6 {[%clk 0:42:29]} Rd8 {[%clk 0:23:20]} 45. Qxa4 {[%clk 0:36:26]} Rxd1+
{[%clk 0:19:49]} 46. Qxd1 {[%clk 0:36:52]} Bxe5 {[%clk 0:15:28]} 47. Qa4 {[%clk
0:27:34]} Bf4 {[%clk 0:10:53]} 48. Qe4 {[%clk 0:22:10]} Qe5 {[%clk 0:10:04]} 49.
Qxe5 {[%clk 0:21:44]} Bxe5 {[%clk 0:10:29]} 50. Nd7 {[%clk 0:20:59]} Bd4+ {[%clk
0:10:51]} 51. Kf1 {[%clk 0:21:26]} f5 {[%clk 0:10:57]} 52. Nb8 {[%clk 0:20:53]}
Bxc5 {[%clk 0:11:18]} 53. Nxc6 {[%clk 0:21:21]} Kf7 {[%clk 0:11:05]} 54. Ke2
{[%clk 0:21:19]} Ke6 {[%clk 0:11:20]} 55. Kf3 {[%clk 0:21:34]} g5 {[%clk
0:10:15]} 56. g4 {[%clk 0:21:41]} Kd5 {[%clk 0:08:55]} 57. Na5 {[%clk 0:21:51]}
Bb4 {[%clk 0:08:22]} 58. Nb3 {[%clk 0:22:08]} f4 {[%clk 0:07:15]} 59. Nc1 {[%clk
0:22:26]} Bd2 {[%clk 0:06:38]} 60. Nd3 {[%clk 0:22:01]} Be3 {[%clk 0:06:24]} 61.
Nb4+ {[%clk 0:22:04]} Kc5 {[%clk 0:05:52]} 62. Nd3+ {[%clk 0:22:08]} Kd4 {[%clk
0:06:08]} 63. Nb4 {[%clk 0:22:36]} Kc4 {[%clk 0:04:16]} 64. Nc6 {[%clk 0:22:49]}
Bd4 {[%clk 0:04:07]} 65. Ne7 {[%clk 0:22:35]} Bf6 {[%clk 0:03:47]} 66. Nf5 {[%clk
0:22:49]} Kd5 {[%clk 0:04:01]} 67. h4 {[%clk 0:21:51]} gxh4 {[%clk 0:02:20]} 68.
Kxf4 {[%clk 0:21:23]} Be5+ {[%clk 0:02:25]} 69. Kf3 {[%clk 0:22:01]} h3 {[%clk
0:01:52]} 70. g5 {[%clk 0:20:40]} Ke6 {[%clk 0:01:53]} 71. Ne3 {[%clk 0:20:48]}
Kf7 {[%clk 0:01:47]} 72. Ng4 {[%clk 0:20:35]} Bd6 {[%clk 0:02:05]} 73. Nf2 {[%clk
0:20:32]} Kg6 {[%clk 0:02:24]} 74. Nxh3 {[%clk 0:20:56]} h6 {[%clk 0:02:21]} 75.
gxh6 {[%clk 0:21:23]} 1/2-1/2